The tacit dimension

Αποθηκεύτηκε σε:
Λεπτομέρειες βιβλιογραφικής εγγραφής
Κύριος συγγραφέας: Polanyi, Michael 1891-
Μορφή: Βιβλίο
Γλώσσα:English
Δημοσίευση: Gloucester, Mass : Peter Smith, 1983
Θέματα:
Ετικέτες: Προσθήκη ετικέτας
Δεν υπάρχουν, Καταχωρήστε ετικέτα πρώτοι!

MARC

LEADER 00000nam a2200000 i 4500
001 1/74331
008 050324s1983 eng d
020 |a 0-8446-5999-1 
035 |l 10077352 
040 |a GR-MY-UA  |b gre  |e aacr 
041 0 |a eng 
082 0 |a 121  |2 (21) 
100 1 |a Polanyi, Michael  |d 1891- 
245 1 4 |a The tacit dimension /  |c Michael Polanyi 
260 |a Gloucester, Mass :   |b Peter Smith,   |c 1983 
300 |a xi, 108 σ.;  |c 22 εκ. 
500 |a Πρωτότυπη έκδοση: Garden City, N.Y., Doubleday, 1966 
504 |a Περιέχει βιβλιογραφία και ευρετήριο 
650 0 0 |a Knowledge, Theory of. 
650 0 0 |a Science  |x Philosophy. 
852 |a INST  |b SAMOS  |e 20050324  |h 121 POL  |p 005300022551  |q 005300022551  |t BK  |y 0 
901 |a BIBL3-2005-1 
909 |a Σ  |b 114141 
920 |a ΔΙΕΥΡΥΝΣΗ  |b ΕΠΕΑΕΚ-ΤΜΠΕΣ  |y ΣΑΜΟΣ  |z 2004-10 
922 |a 3ΕΛΗ 
970 |a ΜΑΛΑΓΑΡΗ  |b ΦΩΤΕΙΝΗ  |z 2005/02/24